000 01675nam a2200301 4500
003 DO-SdBNP
005 20210818155828.0
007 ta
008 210818b2018 ||||| |||| 00| 0 spa
020 _a978-9945-592-25-2
040 _aDO-SdBNP
_bspa
_cBNPHU
082 4 _222
_a920.72
_bR621
100 1 _972068
_aRivera-Garrido, Martha,
_d1960-
245 _aTonó :
_buna historia de solidaridad sin límites con las Hermanas Mirabal y su familia /
_cRivera Garrido, Martha
260 _aSanto Domingo :
_bFundación Hermanas Mirabal,
_c2018.
300 _a188 p. :
_bil. ; tot.
_c23 cm
440 _aColección Fundación Hermanas Mirabal
_979485
500 _aIncluye datos biográficos del autor en la solapa del libro.
504 _aIncluye bibliográfía : p.187
505 _aContenido
_tPrólogo --
_tNota de la autora--
_tLa memoria de las cosas --
_tEsa patria que es la infancia --
_tEn el tiempo de ser jóvenes-
_tLas bodas de las muchachas--
_tCuando la vida cambió para siempre --
_tLlegaron llenos de patriotismo --
_tNunca tuvimos miedo --
_tAmén de Mariposas --
_tLa muerte del diablo viejo --
_tManolo y las "Escarpadas montañosas del Quisqueya" --
_tLos muchachos --
_tLos viajes de Tonó --
_tRetorno a casa --
_tLos testimonios --
_tFotos --
_tFuentes--
650 _aRelatos
_vHermanas Mirabal
_y1960-
_zRepública Dominicana
_979488
650 _aRelatos biográfico
_vHermanas Mirabal
_979489
650 _aLiteratura dominicana
_979490
700 1 _aTavárez Mirabal, Minou,
_972947
_d1956-
_eColaboración especial
700 1 _aIrina Miolán
_eilustración
_979492
700 1 _aAna Antonia Rosario (Tonó)
_eFotografías / Archivos
_979493
942 _2ddc
_cLBS1
999 _c50216
_d50216